Afrika Länder / Sudden Death / Updated - Statistiken

Allgemein
  • Dieses Quiz wurde 64 mal gespielt
  • Das Durchschnittsergebnis liegt bei 49 aus 54
Answers on the Grid
Answers color-coded by a green-red scale on the quiz's grid according to % correct below.
Ägypten
Äquatorialguinea
Äthiopien
Algerien
Angola
Benin
Botswana
Burkina Faso
Burundi
Dschibuti
Elfenbeinküste
Eritrea
Eswatini
Gabun
Gambia
Ghana
Guinea
Guinea-Bissau
Kamerun
Kap Verde
Kenia
Komoren
Demokratische Republik Kongo
Republik Kongo
Lesotho
Liberia
Libyen
Madagaskar
Malawi
Mali
Marokko
Mauretanien
Mauritius
Mosambik
Namibia
Niger
Nigeria
Ruanda
Sambia
Sao Tomé und Principe
Senegal
Seychellen
Sierra Leone
Simbabwe
Somalia
Südafrika
Sudan
Südsudan
Tansania
Togo
Tschad
Tunesien
Uganda
Zentralafrikanische Republik
Maalri
Malari
Sali Bonali
Mangoland
Sari Ne Gani
Masi Wen Gawi
Südtunesien
Deutschland
Die Kolonie
Lasotho
Meri Bewan
Vietnam
Zypern
Cairo
Johannesburg
Tschod
Gasu
Magasi
Cervelatii
Britische Kolonie Lesotho
Marr
Nigerian
Athiopia
Zuckerrohr
Berlin
Asawi
 
Antwortstatistiken
Antwort % Korrekt
Ägypten
100%
Ghana
100%
Marokko
100%
Südafrika
100%
Algerien
95%
Elfenbeinküste
95%
Kamerun
95%
Kenia
95%
Niger
95%
Nigeria
95%
Senegal
95%
Tschad
95%
Tunesien
95%
Dschibuti
93%
Komoren
93%
Liberia
93%
Madagaskar
93%
Mosambik
93%
Sierra Leone
93%
Tansania
93%
Angola
91%
Äthiopien
91%
Benin
91%
Botswana
91%
Demokratische Republik Kongo
91%
Gambia
91%
Guinea
91%
Guinea-Bissau
91%
Lesotho
91%
Namibia
91%
Republik Kongo
91%
Sambia
91%
Sao Tomé und Principe
91%
Somalia
91%
Sudan
91%
Togo
91%
Burkina Faso
88%
Eritrea
88%
Eswatini
88%
Gabun
88%
Kap Verde
88%
Libyen
88%
Mauretanien
88%
Simbabwe
88%
Südsudan
88%
Uganda
88%
Zentralafrikanische Republik
88%
Äquatorialguinea
86%
Burundi
86%
Malawi
86%
Mali
86%
Mauritius
86%
Ruanda
86%
Seychellen
86%
Keine übereinstimmenden Quizze gefunden
Verteilung der Resultate
Anzahl Personen mit jedem Resultat
Perzentil nach korrekt beantworteten Fragen
Ihre Resultats-Entwicklung
Sie haben dieses Quiz noch nicht gespielt